Verbes semaine 2 - Statistiques

Statistiques générales
  • Ce quiz a été pris 14 fois
  • Le résultat moyen est 64 sur 133
Statistiques - réponses
Hint Réponse % Correct
to run courir
100%
to sleep dormir
92%
ils courent
85%
vous courez
85%
nous courons
85%
je cours
85%
tu cours
85%
il court
85%
ils dorment
85%
vous dormez
85%
nous dormons
85%
je dors
85%
tu dors
85%
il dort
85%
je sers
77%
tu sers
77%
il sert
77%
ils servent
77%
vous servez
77%
to serve servir
77%
nous servons
77%
to drink boire
62%
je bois
62%
tu bois
62%
il boit
62%
ils boivent
62%
vous buvez
62%
nous buvons
62%
to write écrire
62%
je écris
62%
tu écris
62%
il écrit
62%
ils écrivent
62%
vous écrivez
62%
nous écrivons
62%
to read lire
62%
je lis
62%
tu lis
62%
ils lisent
62%
vous lisez
62%
nous lisons
62%
il lit
62%
je sens
62%
tu sens
62%
il sent
62%
ils sentent
62%
vous sentez
62%
to smell sentir
62%
nous sentons
62%
to beilive croire
54%
to drive conduire
46%
je conduis
46%
tu conduis
46%
ils conduisent
46%
vous conduisez
46%
il conduit
46%
je connais
46%
tu connais
46%
ils connaissent
46%
vous connaissez
46%
nous connaissons
46%
il connaît
46%
to know personally connaître
46%
ils croient
38%
je crois
38%
tu crois
38%
il croit
38%
vous croyez
38%
nous croyons
38%
vous devez
38%
to must devoir
38%
nous devons
38%
to speak dire
38%
je dis
38%
tu dis
38%
ils disent
38%
nous disons
38%
il dit
38%
vous dites
38%
je dois
38%
tu dois
38%
il doit
38%
ils doivent
38%
il prend
38%
to take prendre
38%
je prends
38%
tu prends
38%
vous prenez
38%
ils prennent
38%
nous prenons
38%
vous recevez
38%
to receive recevoir
38%
nous recevons
38%
tu reçois
38%
il reçoit
38%
ils reçoivent
38%
vous venez
38%
to come venir
38%
nous venons
38%
ils viennent
38%
je viens
38%
tu viens
38%
il vient
38%
ils voient
38%
to see voir
38%
je vois
38%
tu vois
38%
il voit
38%
vous voyez
38%
nous voyons
38%
il met
31%
je mets
31%
tu mets
31%
ils mettent
31%
vous mettez
31%
nous mettons
31%
to put mettre
31%
ils rient
31%
vous riez
31%
nous rions
31%
to laught rire
31%
je ris
31%
tu ris
31%
il rit
31%
nous conduions
0%
je reçeois
0%
je sors
0%
tu sors
0%
il sort
0%
ils sortent
0%
vous sortez
0%
temporary leave sortir
0%
nous sortons
0%
Aucun quiz correspondant
Distribution des résultats
% des personnes avec chaque résultat
Percentile par nombre de réponses
Votre historique - résultats
Vous n’avez pas pris ce quiz